[Event "Olympiad-34"]
[Site "Istanbul"]
[Date "2000.11.12"]
[Round "14.3"]
[White "Avrukh, Boris"]
[Black "Ivanisevic, Ivan"]
[Result "0-1"]
[WhiteElo "2625"]
[BlackElo "2530"]
[Annotator "Tsesarsky,I"]
[PlyCount "126"]
[EventDate "2000.10.28"]
[EventType "team-swiss"]
[EventRounds "14"]
[EventCountry "TUR"]
[SourceTitle "EXT 2001"]
[Source "ChessBase"]
[SourceDate "2000.11.22"]
[SourceVersion "1"]
[SourceVersionDate "2000.11.22"]
[SourceQuality "1"]
[WhiteTeam "Israel"]
[BlackTeam "Yugoslavia"]
[WhiteTeamCountry "ISR"]
[BlackTeamCountry "YUG"]

1. d4 g6 2. e4 Bg7 3. c4 d6 4. Nc3 c5 5. d5 e6 6. Bd3 Ne7 $6 {[%csl Re7][%cal
Gg7c3] In my opinion, this move has more disadvantages than positive features.
Ne7 placed badly, the open Bg7 is not sufficient compensation.} 7. h4 $1 {
Good reaction on 6...Ne7.} ({Another possibilities are also interesting, for
example:} 7. Nf3 O-O (7... exd5 8. cxd5 (8. exd5 O-O {[%cal Gc8f5,Gf5g4]} 9.
O-O $14 {()}) 8... Bg4 9. h3 $14 (9. Qa4+ Nd7 10. Nd2 O-O 11. h3 (11. f3 Ne5
12. Be2 Bd7 13. Qc2 g5 14. O-O N7g6 $132 {1/2-1/2 Lindstedt,J-Lehto,V/FIN-chT
1994/EXT 98 (19)}) 11... Ne5 12. Bf1 Bd7 13. Qb3 $14 {[%cal Gf1e2]})) (7... a6
8. O-O O-O 9. Bf4 e5 10. Be3 $14 {0-1 Boyd,H-Eising,J/Copenhagen 1967/EXT 2000
(22)}) 8. O-O Nd7 9. h3 a6 10. a4 b6 11. Ra3 Ne5 12. Nxe5 Bxe5 13. Bh6 Re8 14.
Qd2 exd5 15. cxd5 Rb8 $14 (15... f5 16. Bg5 Qc7 17. Re1 c4 (17... fxe4 18. Nxe4
Bb7 19. Bf6 $1 $18) 18. Bb1 fxe4 19. Rxe4 $16 {1-0 Skembris,S-Krasenkow,M/
Cutro 1999/CBM 71 (42)})) (7. Bf4 O-O 8. Nf3 e5 9. Bd2 $14 {1/2-1/2
Pottgiesser,J-Gollasch,T/Mannheim 1987/EXT 97 (24)}) (7. Bg5 Nd7 (7... h6 8.
Bh4 O-O 9. Nge2 Na6 10. O-O g5 11. Bg3 e5 12. a3 $14 {0-1 Vehkalahti,V-Puranen,
J/Lahti 1999/EXT 2000 (59)}) 8. Nf3 Ne5 9. Nxe5 Bxe5 10. Qd2 Bd4 11. Ne2 Bg7
12. O-O h6 13. Be3 e5 14. Rab1 $14 {0-1 Bourassa,R-McLarnan,D/Las Vegas 1995/
EXT 98 (104)}) (7. h3 {[%csl Rc8]} O-O 8. Nf3 (8. Bg5 Na6 9. Qd2 Nc7 10. Nf3
Bd7 11. a4 $14 {1/2-1/2 Straschewski,J-Dietrich,R/Bayern 1998/EXT 2000 (50)})
8... exd5 9. cxd5 a6 10. a4 f5 11. O-O h6 12. Re1 $14 {1-0 Novikov,
I-Radziewicz,I/Koszalin 1999/CBM 73 no vc (22)}) (7. Nge2 $6 exd5 (7... O-O 8.
O-O Nd7 (8... a6 9. Bg5 e5 10. Qd2 $14 {1-0 Bets,A-Vasilescu,L/Bucharest 1993/
EXT 97 (30)}) 9. f4 exd5 10. exd5 Nf6 11. h3 Nf5 12. Bxf5 (12. g4 $14) 12...
gxf5 (12... Bxf5 $14) 13. Qd3 $14 {0-1 Shaw,A-Ivanov,I/Boston 1988/EXT 2000 
(40)}) 8. cxd5 O-O 9. O-O Nd7 10. Ng3 Ne5 11. Bc2 f5 12. exf5 Nxf5 $11 {
1-0 Bobotsov,M-Barendregt,J/Marianske Lazne 1961/EXT 2000 (28)}) 7... h5 (7...
exd5 8. cxd5 h5 9. Bf4 O-O 10. Qd2 a6 11. a4 Re8 12. Nge2 $14 {1-0 Kaidanov,
G-Ivanov,A/New York 1990/CBM 19 (34)}) 8. Bg5 $1 {Here B is more unpleasant
for Black.} (8. f3 e5 9. Nh3 Nd7 10. Be3 Ng8 11. g3 $14 {1/2-1/2 Gerusel,
M-Eising,J/Voelklingen 1970/EXT 99 (59)}) 8... e5 $14 {Black had to accept
Benoni PP structure.} 9. Nge2 Nd7 10. Qd2 Nf6 11. f3 {Restricting Bc8 and Nf6.}
a6 12. Nd1 (12. Rb1 $14 {[%cal Gb2b4]}) 12... Nh7 13. Bh6 (13. Be3 Nf6 14. Nf2
$14 {[%cal Gf2h3,Gh3g5]}) 13... Bf6 (13... Bxh6 14. Qxh6 Ng8 15. Qd2 (15. Qg7
Qf6 $11) 15... Nhf6 $132 {[%cal Ge8f8,Gf8g7]}) 14. g3 Bd7 15. Nf2 Rb8 16. b4 b6
17. a4 a5 (17... cxb4 18. Qxb4 Nc8 19. Be3 g5 20. hxg5 Bxg5 (20... Nxg5 21. Ng1
$16) 21. f4 $14) 18. b5 {Now focus of events replacing to the kingside. White
has space advantage, and can easier implement manouevres and prepare f3-f4 or
g3-g4 promotions.} Ng8 19. Be3 Qe7 20. O-O-O Kd8 21. Bc2 Nf8 22. Nd3 $6 {
[%cal Gf3f4] Connected with underestimating following complications.} ({
More natural is} 22. f4 $5 $14) 22... Bg7 23. f4 Nf6 (23... f6 24. Rde1 (24.
fxe5 fxe5 25. Rdf1 Bh6 $14) 24... Kc7 25. Nc3 Re8 $14) 24. fxe5 $2 $17 {
based on underestimating of following complications.} ({It was not late to
recognize mistake on 22 move and to play} 24. Nf2 $14) 24... Nxe4 $1 25. Qe1
Bg4 $1 ({After} 25... dxe5 $5 {also it is not easy for White to justify P lack.
For instance:} 26. Nb2 (26. d6 $2 Nxd6 27. Nxc5 Nxc4 $1 $19) (26. Nf2 Nd6 27.
Qc3 Nh7 28. Rhe1 f5 $17) 26... Nd6 27. Bg5 f6 28. Bd2 $17) 26. Nxc5 ({Black
keep advantage also after} 26. exd6 Nxd6 27. Bg5 f6 28. Bf4 Nxc4 29. Nd4 $1
cxd4 30. Qxe7+ Kxe7 31. Bxb8 Bxd1 32. Rxd1 Ne3 $17) ({or} 26. Nf2 Nxf2 27. Qxf2
Qxe5 28. Nd4 Kc8 $17) 26... dxc5 $1 ({Wrong was} 26... bxc5 $2 27. Bxe4 Qxe5
28. Nd4 $1 Kc8 (28... cxd4 29. Bxd4 Qxd4 30. Rxd4 Bxd4 {and here} 31. Qxa5+ $16
{in the game with Pb6 instead od d6 this move will be impossible!}) 29. Bf4 $1
Qf6 30. Bf5+ $1 Nd7 (30... Bxf5 31. Qe8+ Kc7 32. Ne6+ fxe6 33. Bxd6+ Kxd6 34.
dxe6+ Qd4 35. Qxb8+ Kxe6 36. Rhe1+ Kf7 37. Rxd4 $16) 31. Bxg4 hxg4 32. Bg5 Qe5
33. Qxe5 Nxe5 34. Nc6 $14) 27. Bxe4 Qxe5 {Looks very dangerous for White, but..
.} 28. Nd4 $5 {Of course, this move was calculated by Avrukh, but following Q
exchange for some white pieces bring advantage to Black.} cxd4 29. Bxd4 Qxd4 $1
30. Rxd4 Bxd4 {[%csl Ga5,Gb6]} 31. Qd2 Bg7 32. Qf2 f5 33. Bf3 (33. Bd3 Nd7 34.
Re1 Nc5 $17) 33... Nd7 34. Bxg4 hxg4 35. Kb1 Be5 $4 $132 ({After right} 35...
Rc8 $1 36. Rc1 Nc5 37. Qe3 Bf6 $19 {Black wins}) 36. Re1 Re8 ({Now} 36... Rc8
$2 {met by} 37. Rxe5 $1 $16) 37. h5 $1 Nc5 (37... Rc8 38. hxg6 Rxc4 39. Qxf5
Rb4+ (39... Rxa4 40. Rxe5 $1 Rxe5 41. Qxe5 $1 Nxe5 42. g7 $16) 40. Kc2 Rf8 41.
Rxe5 Rxf5 42. Rxf5 Re4 43. g7 Re8 44. d6 Rg8 45. Rf7 Ke8 46. Re7+ Kd8 47. Rf7
Ke8 $11) 38. Qe3 Ne4 39. hxg6 Kc7 ({Or} 39... Bxg3 40. Rf1 f4 41. Qd4 (41. Rxf4
Bxf4 42. Qxf4 Rb7 43. Qxg4 Rg7 44. Kc2 Kc7 $15) 41... Kc7 42. g7 Nc5 43. Qf6
Kb7 44. Rh1 Ka8 45. Rh8 Re1+ $11) 40. Rh1 (40. Qd3 $2 Bd6 $17) 40... Rh8 $2 $16
{After this mistake White has advantage again.} ({Equal position would keep
after} 40... Bxg3 41. Rh7+ Kd6 42. g7 Ke5 (42... Rg8 43. Qh6+ Kc5 44. Rh8 Kxc4
45. Rxg8 Rxg8 46. d6 {[%cal Gh6e6]} Kd4 47. Qh7 Nf6 48. Qxf5 Be5 49. d7 g3 50.
Qe6 g2 51. Kc2 Ke4 52. Qc6+ $16) 43. g8=Q Rxg8 44. Re7+ Kd6 45. Rxe4 fxe4 46.
Qxg3+ Kc5 47. Qe3+ Kxc4 48. Qxe4+ Kc5 49. d6 Kxd6 50. Qd4+ $11) 41. Rh7+ Kd6 $2
$18 (41... Rxh7 42. gxh7 $16) 42. Qh6 $4 $132 {Mistakes comedy is continued,
maybe in time pressure.} ({after simply} 42. Rxh8 Bxh8 (42... Rxh8 43. Qxb6+
$18) 43. Qf4+ Be5 44. Qxf5 $18 {[%csl Gd5,Rd6,Re4,Rg4,Gg6] White wins easily})
42... Kc5 $1 43. g7 (43. d6 $5 Rhg8 $1 ({Not} 43... Rbd8 44. Rxh8 Bxh8 (44...
Rxh8 45. Qxh8 Bxh8 46. d7 Bf6 47. g7 $18) 45. d7 Kxc4 46. g7 Bxg7 47. Qxg7 Nc5
48. Kc2 Kb4 (48... Rxd7 49. Qc3+ Kd5 50. Qf6 Kc4 51. Qxb6 $16) 49. Qd4+ Ka3 50.
Qf6 Rxd7 51. Qxb6 Kb4 52. Qc6 $16) 44. Qe3+ Kb4 45. Kc2 $132) 43... Rhg8 44.
Qe6 Rbe8 $1 (44... Nd2+ $6 45. Ka2 Nxc4 46. Rh1 $40 {[%csl Rc5]}) 45. Qxf5 Nd2+
46. Ka2 Nxc4 47. Rh6 ({Good was also} 47. d6 Nxd6 48. Qc2+ $11) (47. Qxg4 Bf6
48. d6 Kb4 49. Rh1 Re3 50. Rb1+ Kc5 51. Rb3 Rxb3 52. Kxb3 Nxd6 53. Qf3 (53. Qe6
Rxg7 54. Qxf6 Rxg3+ $11) 53... Be5 54. Qc6+ Kd4 55. Qxb6+ Kd5 56. Qxa5 Rxg7 57.
Qd2+ Ke6 $44) 47... Rxg7 48. Rc6+ (48. Qd3 Bd6 (48... Rc7 49. Kb3 Nb2 50. Qc2+
Kxd5 51. Qg2+ Kd4 52. Kxb2 (52. Qxb2+ Ke3 $44) 52... Rc3 $44)) 48... Kd4 49.
Qf2+ Ne3 50. Rc1 (50. Rc2 $5 $132 {[%cal Gc2d2]}) 50... Ke4 51. d6 $2 $15 ({
After} 51. Re1 Bd4 52. Qg2+ $1 {position is drawn.} Kf5 (52... Kd3 53. Qe2+ Ke4
54. Qg2+ $11) ({Very important: Black can't play} 52... Ke5 $6 {because of} 53.
Rxe3+ $1 Bxe3 54. Qb2+ Kxd5 (54... Bd4 55. Qe2+ $1) 55. Qxg7 Re4 $14) 53. Qf2+
Ke4 (53... Kg6 54. Qf4 $16) 54. Qg2+ $11) 51... Rd7 52. Re1 Bd4 53. Qc2+ (53.
Qg2+ Ke5 $17 {Now this move brings to Black advantage.}) 53... Ke5 54. Qd3 $4
$19 {[%csl Re3][%cal Ge1e3]} (54. Qg6 $1 $15) 54... Kd5 $1 {This symple reply
was missed by White.} 55. Rh1 (55. Rxe3 $6 Rxe3 56. Qf5+ Kxd6 $19) 55... Rxd6
56. Rh5+ Re5 57. Qb3+ Nc4 58. Rxe5+ Bxe5 59. Qd3+ Kc5 60. Qf5 Rd2+ 61. Kb1 Kb4
62. Qe4 Bd4 63. Qxg4 Ne3 0-1

[Event "FIDE-Wch k.o."]
[Site "New Delhi/Teheran"]
[Date "2000.11.29"]
[Round "1.4"]
[White "Sakaev, Konstantin"]
[Black "Volkov, Sergey"]
[Result "0-1"]
[WhiteElo "2627"]
[BlackElo "2554"]
[Annotator "Tsesarsky,I"]
[PlyCount "97"]
[EventDate "2000.11.27"]
[EventType "k.o."]
[EventRounds "7"]
[EventCountry "IND"]
[SourceTitle "CBM 081"]
[Source "ChessBase"]
[SourceDate "2001.03.20"]
[SourceVersion "1"]
[SourceVersionDate "2001.03.20"]
[SourceQuality "1"]

1. d4 Nf6 2. Nf3 c5 3. d5 e6 4. Nc3 b5 (4... d6) (4... exd5 {-mainline}) 5. Bg5
b4 (5... Qa5 $143 $6 6. Bxf6 gxf6 7. Nd2 $16 (7. Qd2 $16)) 6. Na4 ({Possible
another N jump:} 6. Ne4 Bb7 (6... Be7 7. d6 Nxe4 8. Bxe7 Qb6 9. Ne5 Nc6 10.
Nxc6 Qxc6 11. f3 Nf6 12. e4 $14 {1-0 Prosviriakov,V-Alburt,L/New York op (3)
1991(31)}) 7. c4 (7. Bxf6 gxf6 8. c4 f5 9. Ng3 d6 $1 (9... Qf6 10. Rb1 h5 11.
e4 f4 12. e5 Qg6 13. Bd3 Qg7 14. Ne4 $16 {0-1 Hart,C-Alburt,L/Boston ,EXT 1988
(66)}) (9... f4 10. Nh5 e5 11. Qc2 $16 {[%csl Rb7][%cal Gc2f5]} (11. Nxe5 $4
Qg5 12. Ng4 Kd8 13. Ngf6 Be7 14. h4 Qe5 $19 {0-1 Strube,T-Colias,B/Indiana
State ch 1992(41)})) 10. e3 Nd7 11. Bd3 Qf6 12. Rb1 O-O-O $132 {0-1 Gorbatow
Alexej-Guseinov Gadir/Cup Russia (open) Moscow (Russia) (1) 1996 (81)}) 7...
bxc3 8. Bxf6 ({Equal position after} 8. Nxc3 exd5 9. Bxf6 Qxf6 10. Nxd5 Bxd5
11. Qxd5 Qxb2 12. Rd1 c4 (12... Qc3+ 13. Rd2 Qa1+ {1/2-1/2 Mestrovic,Z-Dizdar,
G/Oberwart 1983 (13)}) 13. Qe4+ Kd8 14. Qxc4 (14. Nd2 $2 Bb4 15. Qxa8 Bxd2+ 16.
Rxd2 Qb1+ 17. Rd1 Qb4+ 18. Rd2 c3 $17 {0-1 Figler-Sideif_Zade,F/corr 1983/Inf
35 (21)}) 14... Nc6 15. Qd5 Bb4+ 16. Nd2 Re8 17. e3 Re6 $132 {1/2-1/2 Sorri,
J-Porrasmaa,T/Finland Tch 1994 (62)}) 8... gxf6 9. Nxc3 f5 (9... exd5 10. Nxd5
Qa5+ 11. Nc3 Nc6 12. e3 $14 {1-0 Scarella,E-Gomez,A/Havana 1993 (25)}) 10. e3 (
10. dxe6 fxe6 11. e4 fxe4 12. Nd2 Qg5 13. Qb3 Bc6 14. Be2 Be7 15. Ncxe4 Qe5
$132 {0-1 Weglarz,L-Rakowiecki,T/POL ch tt Porabka POL 1986 (39)}) 10... Bg7
11. Bc4 Na6 (11... O-O 12. Ng1 (12. O-O $14 {1-0 Cifuentes Parada Roberto-Los,
S/Leeuwarden 1993 (29)}) 12... Qh4 13. Qd3 exd5 14. Nxd5 $14 {1-0 Wells Peter
K-Mortazavi,A/BCF ch 1988 (61)}) 12. O-O (12. d6 $5) 12... Nb4 13. a3 Bxc3 14.
axb4 Bxb4 15. Ne5 Rg8 16. g3 Qe7 $44 {1-0 Rakic,T-Tielemann,K/Delmenhorst 1987
(47)}) (6. Nb5 $2 a6 7. Bxf6 gxf6 8. dxe6 axb5 9. exf7+ Ke7 10. Qd5 Qc7 (10...
Ra6 11. Qxc5+ Kxf7 $44) 11. Qe4+ Kxf7 $17 {0-1 Srienz,C-Hajek,J/Wien op 1990 
(18)}) (6. Bxf6 gxf6 7. Ne4 f5 8. dxe6 fxe4 9. exf7+ Ke7 10. Qd5 Nc6 (10... Bg7
11. Qxe4+ Kxf7 12. Qxa8 $18) 11. Ng5 Qc7 $44) 6... Qa5 ({Slight advantage
White keeps after} 6... exd5 7. Bxf6 Qxf6 8. Qxd5 Qc6 9. e4 Bb7 10. Bc4 Qxd5
11. Bxd5 Bxd5 12. exd5 d6 13. O-O-O $14 {1-0 Lempert,I-Khromov,V/Moscow 1996 
(51)}) 7. Bxf6 gxf6 8. b3 f5 9. e3 ({Too agressive is} 9. e4 $5 fxe4 (9... Bg7
10. Rb1 Bb7 11. Bc4 fxe4 12. Ng5 O-O 13. Qh5 h6 14. Nxe4 $14 {1-0 Urday,
H-Correa,A/Sao Paulo zt 1995 (17)}) 10. Ng5 $13) 9... Rg8 $6 $14 ({Much better
was} 9... Bb7 $1 10. dxe6 (10. Bc4 {and now} Rg8 $15) 10... dxe6 11. Ne5 Qc7
12. Bb5+ Ke7 $132) 10. Ne5 Bb7 $5 ({In case of} 10... Qc7 {[%cal Gc7e5]} 11. f4
Bb7 $132 12. Qh5 Rg7 13. dxe6 dxe6 14. Bb5+ Nc6 15. O-O-O $16 {White leaves
with advantage.For example:} Bd6 (15... Rc8 16. Rd7 $18) 16. Rxd6 Qxd6 17. Rd1
$18) 11. Qh5 Rg7 12. dxe6 dxe6 13. Nb2 $6 {[%cal Gb2c4]} ({Worth of attention
also} 13. O-O-O $1 {and Black has certain difficulties:} Nc6 ({Or} 13... Be7
14. Qh6 Kf8 15. Rg1 Nc6 16. Nc4 (16. g4 $5 Nxe5 17. gxf5 Bf6 18. Be2 {[%csl
Rf6]} Ng6 $8 19. fxg6 hxg6 $132) 16... Qc7 17. f4 Kg8 18. g4 $1 $16) 14. Nd7 $1
(14. Nc4 Qc7 15. Rg1 Rd8 $132) 14... O-O-O 15. Nxf8 Rxf8 16. Qh4 Rd8 17. Rxd8+
Nxd8 18. Qe7 $14) 13... Nc6 14. Nbc4 Qc7 15. Nxc6 $6 $15 ({As noted above,} 15.
O-O-O $1 {was much better here too.} Nxe5 16. Nxe5 Be7 (16... Qxe5 $4 17. Bb5+
Ke7 18. Qh4+ $18) 17. f4 $132) 15... Bxc6 16. Rd1 (16. O-O-O a5 $15 {[%cal
Ga5a4]}) 16... Bd5 17. Be2 $4 $19 {[%mdl 8192] terrible move.} ({Right was} 17.
Rg1 Rg6 {[%cal Gg6h6] threatening Rh6-+} 18. Qh4 Rd8 $15) 17... Bxg2 18. Rg1
Bf3 $1 {[%csl Rg1,Rh5]} 19. Qxf3 Rxg1+ 20. Bf1 Rd8 21. Rxd8+ Kxd8 22. Qa8+ Ke7
23. f4 Bg7 24. Kf2 Rg6 25. Bg2 e5 26. Bd5 exf4 27. Qg8 fxe3+ 28. Ke2 Kf6 29. h4
f4 (29... Rg4 $19) 30. Qe8 Bh6 31. Ne5 f3+ $1 (31... Kg7 32. Nxf7 (32. Nxg6
hxg6 $19) 32... f3+ 33. Kd3 Rg4 34. Qh8+ Kg6 35. Ne5+ Kf5 36. Nxg4 Kxg4 37.
Qg8+ Kxh4 38. Bxf3 Bg5 $19) 32. Kxf3 Kg7 33. Ke2 (33. Nxg6 hxg6 $19) (33. Nxf7
Qf4+ 34. Ke2 Qf2+ $19) 33... Rf6 34. Ng4 Qf4 (34... Rf5 $19) 35. Nxf6 Qf2+ 36.
Kd3 Qf1+ 37. Ke4 Qxf6 38. Bc4 Qxh4+ 39. Kd5 Qg5+ 40. Kc6 Qf5 41. Bd3 Qg5 42.
Kb7 Qd5+ 43. Kxa7 Bg5 44. Bc4 Qf5 45. Kb6 h5 46. Kb5 h4 47. Qc6 h3 48. Qh1 Bf4
49. Bd3 0-1